书目信息 |
| 题名: |
计量经济学
|
|
| 作者: | 于俊年 编著 | |
| 分册: | ||
| 出版信息: | 北京 对外经济贸易大学出版社 2000 |
|
| 页数: | 542页 | |
| 开本: | 20cm | |
| 丛书名: | ||
| 单 册: | ||
| 中图分类: | F22 | |
| 科图分类: | ||
| 主题词: | 经济--计算 , 经济数学--方法 | |
| 电子资源: | ||
| ISBN: | 7-81000-986-9 | |
| 000 | 00622nam0 2200217 450 | |
| 001 | 0656726624 | |
| 005 | 20070718180050.59 | |
| 010 | @a7-81000-986-9@dCNY29.00 | |
| 100 | @a20060929d2000 km y0chiy0120 ea | |
| 101 | 0 | @achi |
| 102 | @aCN@b110000 | |
| 200 | 1 | @a计量经济学@Aji liang jing ji xue@f于俊年编著@Fyu jun nian bian zhu |
| 210 | @a北京@c对外经济贸易大学出版社@d2000 | |
| 215 | @a542页@d20cm | |
| 300 | @a教育部经济类专业主干课程推荐教材 | |
| 606 | 0 | @a经济@x计算 |
| 606 | 0 | @a经济数学@x方法 |
| 690 | @aF22@v3 | |
| 701 | 0 | @a于俊年@Ayu jun nian@4编著 |
| 801 | 0 | @aCN@bNISOFT@c20070718 |
| 905 | @a10447@dF22@e196 | |
| 计量经济学/于俊年编著.-北京:对外经济贸易大学出版社,2000 |
| 542页;20cm |
| 教育部经济类专业主干课程推荐教材 |
| ISBN 7-81000-986-9:CNY29.00 |
| ● |
| 相关链接 |
|
|
|
|
正题名:计量经济学
索取号:F22/196
 
预约/预借
| 序号 | 登录号 | 条形码 | 馆藏地/架位号 | 状态 | 备注 |
| 1 | 0493674 | 204936748 | 密集书库/ [索取号:F22/196] | 在馆 | |
| 2 | 0493675 | 204936757 | 密集书库/ [索取号:F22/196] | 在馆 | |
| 3 | 0493676 | 204936766 | 密集书库/ [索取号:F22/196] | 在馆 | |
| 4 | 0777995 | 207779956 | 密集书库/ [索取号:F22/196] | 在馆 |